000 00842nam a2200253Ia 4500
003 OSt
005 20220923210949.0
006 a|||||r|||| 00| 0
007 ta
008 220922b |||||||| |||| 00| 0 hin d
020 _a8126013001 (hbk)
024 _a235,683
037 _cTextual
040 _aARTS
_cARTS
_bhin
041 _2hin
_ahin
082 _aO152,1I00x, 153K7;P1
100 _aਉਪਾਧਿਆਇ, ਅਯੋਧਿਆ ਸਿੰਘ, ਂਚ.
_9156612
245 0 _aਕਬੀਰ ਵਚਨਾਵਲੀ
260 _aਦਿੱਲੀ
_b ਸਾਹਿਤ ਅਕਾਦੇਮੀ
_c2001
300 _a364gz
_ccm.
650 _aਹਿੰਦੀ ਸਾਹਿਤ
_9156613
942 _hO152,1I00x, 153K7;P1
_cTEXL
_2CC
999 _c293241
_d293241